000 00375nam a2200157Ia 4500
008 210210b1962 xxu||||| |||| 00| 0 eng d
041 _aeng
082 _a335/287
100 _aSATTHIANADHAN
245 _aCo-operation
260 _aBombay
_bOxford University Press.,
_c1962
650 _aCo-operation
690 _aIndian Economics
700 _aRYAN
906 _a004630
999 _c126877
_d126877